[Event "Mecklenburg VP LL2 Ost 1819"]
[Site "Mecklenburg VP"]
[Date "2019.03.24"]
[Round "8.6"]
[White "Nickel, Reimo"]
[Black "Wehrmann, Horst"]
[Result "1-0"]
[WhiteElo "1710"]
[BlackElo "1620"]
[PlyCount "121"]
[EventDate "2018.10.21"]
[EventType "team-tourn"]
[EventRounds "9"]
[EventCountry "GER"]
[SourceTitle "EXT 2022"]
[Source "ChessBase"]
[SourceDate "2021.10.06"]
[SourceVersion "1"]
[SourceVersionDate "2021.10.06"]
[SourceQuality "1"]
[WhiteTeam "Waterkant Saal SV"]
[BlackTeam "Ribnitz Damgarten"]
[WhiteTeamCountry "GER"]
[BlackTeamCountry "GER"]

1. d4 f5 2. Nf3 e6 3. c4 c6 4. b3 d5 5. e3 Nf6 6. Bd3 Bd6 7. 0-0 0-0 8. Ba3 Bxa3 9. Nxa3 Nbd7 10. Nb1 Ne4 11. Nbd2 b6 12. Qc2 Ba6 13. cxd5 Bxd3 14. Qxd3 cxd5 15. Rac1 Rc8 16. Rc2 Rxc2 17. Qxc2 Qb8 18. Rc1 Nd6 19. Qc7 Rc8 20. Qxb8 Nxb8 21. Rxc8+ Nxc8 22. Ng5 e5 23. dxe5 h6 24. Ne6 Kf7 25. Nc7 Ne7 26. Nb1 Nbc6 27. Nc3 Nxe5 28. N7xd5 Nxd5 29. Nxd5 Ke6 30. Nc7+ Kd7 31. Nb5 a6 32. Nd4 g6 33. Kf1 Kd6 34. Ke2 Kd5 35. Nf3 Nc6 36. a3 b5 37. Kd3 a5 38. Nd4 Ne5+ 39. Kc3 Kc5 40. b4+ axb4+ 41. axb4+ Kb6 42. f3 h5 43. h3 h4 44. Ne6 Kc6 45. f4 Nf7 46. Kd4 Kd6 47. Ng5 Nd8 48. Nf3 Ne6+ 49. Kd3 Kd5 50. Nxh4 Nf8 51. g4 Ke6 52. Kd4 fxg4 53. hxg4 g5 54. fxg5 Nd7 55. e4 Ne5 56. g6 Nxg4 57. g7 Nf6 58. e5 Ng8 59. Ke4 Kf7 60. Nf5 Ke6 61. Nd6 1-0

[Event "Mecklenburg VP LL2 Ost 1718"]
[Site "Mecklenburg VP"]
[Date "2018.04.22"]
[Round "9.6"]
[White "Nickel, Reimo"]
[Black "Rosin, Ralf"]
[Result "1/2-1/2"]
[WhiteElo "1693"]
[BlackElo "1722"]
[PlyCount "27"]
[EventDate "2017.10.08"]
[EventType "team-tourn"]
[EventRounds "9"]
[EventCountry "GER"]
[SourceTitle "EXT 2022"]
[Source "ChessBase"]
[SourceDate "2021.10.06"]
[SourceVersion "1"]
[SourceVersionDate "2021.10.06"]
[SourceQuality "1"]
[WhiteTeam "Waterkant Saal SV"]
[BlackTeam "Wolgast Motor"]
[WhiteTeamCountry "GER"]
[BlackTeamCountry "GER"]

1. d4 e6 2. Nf3 f5 3. Bg5 Be7 4. Bxe7 Qxe7 5. c3 Nf6 6. Nbd2 d5 7. e3 0-0 8. Ne5 Nbd7 9. Ndf3 Nxe5 10. Nxe5 Nd7 11. Nf3 Nf6 12. Ne5 Nd7 13. Nf3 Nf6 14. Ne5 1/2-1/2

[Event "Mecklenburg VP LL2 Ost 1718"]
[Site "Mecklenburg VP"]
[Date "2017.12.10"]
[Round "4.6"]
[White "Nickel, Reimo"]
[Black "Zierke, Udo"]
[Result "1/2-1/2"]
[WhiteElo "1693"]
[BlackElo "1597"]
[PlyCount "44"]
[EventDate "2017.10.08"]
[EventType "team-tourn"]
[EventRounds "9"]
[EventCountry "GER"]
[SourceTitle "EXT 2022"]
[Source "ChessBase"]
[SourceDate "2021.10.06"]
[SourceVersion "1"]
[SourceVersionDate "2021.10.06"]
[SourceQuality "1"]
[WhiteTeam "Waterkant Saal SV"]
[BlackTeam "Ribnitz Damgarten"]
[WhiteTeamCountry "GER"]
[BlackTeamCountry "GER"]

1. d4 d5 2. c4 e6 3. Nf3 Nf6 4. Nc3 c5 5. cxd5 Nxd5 6. Nxd5 exd5 7. dxc5 Bxc5 8. e3 0-0 9. Be2 Qd6 10. 0-0 Bg4 11. Qb3 b6 12. Rd1 Be6 13. Ng5 h6 14. Nxe6 fxe6 15. Bf3 Nc6 16. a3 Qe5 17. Rxd5 exd5 18. Qxd5+ Qxd5 19. Bxd5+ Kh8 20. Bxc6 Rad8 21. Bf3 a5 22. Rb1 Rf6 1/2-1/2

[Event "Mecklenburg VP LL2 Ost 1617"]
[Site "Mecklenburg VP"]
[Date "2016.11.06"]
[Round "2.4"]
[White "Nickel, Reimo"]
[Black "Vlach, Michael"]
[Result "1/2-1/2"]
[WhiteElo "1712"]
[BlackElo "1583"]
[PlyCount "136"]
[EventDate "2016.10.16"]
[EventType "team-tourn"]
[EventRounds "9"]
[EventCountry "GER"]
[SourceTitle "EXT 2022"]
[Source "ChessBase"]
[SourceDate "2021.10.06"]
[SourceVersion "1"]
[SourceVersionDate "2021.10.06"]
[SourceQuality "1"]
[WhiteTeam "Waterkant Saal SV"]
[BlackTeam "Stralsund FHSG II"]
[WhiteTeamCountry "GER"]
[BlackTeamCountry "GER"]

1. d4 e6 2. c4 c5 3. d5 e5 4. e4 Nf6 5. Nc3 d6 6. a4 Be7 7. Nge2 0-0 8. Ng3 a6 9. Bd2 Bg4 10. Be2 Bxe2 11. Qxe2 Nbd7 12. Nf5 g6 13. Nxe7+ Qxe7 14. Bg5 Kg7 15. Qe3 Rh8 16. Bh6+ Kg8 17. Bg5 Kg7 18. f4 exf4 19. Qxf4 h6 20. Bxf6+ Qxf6 21. 0-0 Qxf4 22. Rxf4 Ne5 23. Raf1 Rhf8 24. b3 f6 25. h3 Rab8 26. g3 Nd3 27. R4f3 Ne5 28. Re3 Kf7 29. Kg2 Ke7 30. Re2 Rf7 31. Ref2 Nd3 32. Rd2 Ne5 33. Ra2 Ke8 34. Rd2 Ke7 35. Ra2 Ke8 36. Ne2 Ke7 37. g4 Kd7 38. Nf4 Ke8 39. Ne6 Kd7 40. Raf2 Ke7 41. Ra2 Kd7 42. Kg3 Ke7 43. h4 Rg8 44. Kh3 g5 45. h5 Rb8 46. Rc1 Nd3 47. Rc3 Ne5 48. Rb2 a5 49. Nc7 b6 50. Nb5 Rb7 51. Rf2 Rb8 52. Re3 Kd7 53. Rf1 Ra8 54. Nc3 Re8 55. Ne2 Ke7 56. Ng3 Rh8 57. Nf5+ Kd7 58. Re2 Nd3 59. Kg3 Nf4 60. Re3 Rhh7 61. Kf3 Rf8 62. Kf2 Re8 63. Ke1 Ng2+ 64. Ke2 Nxe3 65. Kxe3 Rf8 66. Kd3 Kc7 67. Rf2 Kd7 68. Rf1 Kc7 1/2-1/2

[Event "Mecklenburg VP LL2 Ost 1516"]
[Site "Mecklenburg VP"]
[Date "2015.10.11"]
[Round "2.5"]
[White "Zabka, Helge"]
[Black "Nickel, Reimo"]
[Result "0-1"]
[WhiteElo "1654"]
[BlackElo "1743"]
[PlyCount "79"]
[EventDate "2015.09.20"]
[EventType "team-tourn"]
[EventRounds "9"]
[EventCountry "GER"]
[SourceTitle "EXT 2022"]
[Source "ChessBase"]
[SourceDate "2021.10.06"]
[SourceVersion "1"]
[SourceVersionDate "2021.10.06"]
[SourceQuality "1"]
[WhiteTeam "Neubrandenburg SG Eintracht III"]
[BlackTeam "Waterkant Saal SV"]
[WhiteTeamCountry "GER"]
[BlackTeamCountry "GER"]

1. Nf3 d5 2. g3 Nf6 3. Bg2 c6 4. 0-0 h6 5. d3 Bg4 6. Nbd2 e6 7. h3 Bh5 8. Ne5 Bd6 9. Nef3 0-0 10. e4 dxe4 11. dxe4 Bc5 12. Qe1 Bg6 13. Ne5 Bh7 14. Nd3 Bb6 15. Nc4 Nbd7 16. Nd6 Qb8 17. e5 Bxd3 18. cxd3 Ne8 19. Nc4 Bd4 20. Qe4 Bxe5 21. d4 Bf6 22. Qg4 Kh8 23. Bf4 Qd8 24. Rad1 Bg5 25. Bd6 Ndf6 26. Qe2 Nxd6 27. f4 Bxf4 28. Rxf4 Nd5 29. Bxd5 cxd5 30. Ne5 Qg5 31. Qf2 Ne4 32. Rxe4 dxe4 33. Kg2 f6 34. h4 Qh5 35. g4 Qe8 36. Nc4 Qg6 37. Kh3 h5 38. Rg1 hxg4+ 39. Rxg4 Qf5 40. Nd2 0-1

[Event "Mecklenburg VP LL2 Ost 1415"]
[Site "Mecklenburg VP"]
[Date "2015.01.18"]
[Round "5.6"]
[White "Nickel, Reimo"]
[Black "Hausmann, Ulrich"]
[Result "1/2-1/2"]
[WhiteElo "1751"]
[BlackElo "1623"]
[PlyCount "69"]
[EventDate "2014.09.21"]
[EventType "team-tourn"]
[EventRounds "9"]
[EventCountry "GER"]
[SourceTitle "EXT 2022"]
[Source "ChessBase"]
[SourceDate "2021.10.06"]
[SourceVersion "1"]
[SourceVersionDate "2021.10.06"]
[SourceQuality "1"]
[WhiteTeam "Waterkant Saal SV"]
[BlackTeam "Graal Mueritz"]
[WhiteTeamCountry "GER"]
[BlackTeamCountry "GER"]

1. d4 d6 2. c4 e6 3. Nf3 Bd7 4. Bf4 Be7 5. e3 Nf6 6. h3 h6 7. Be2 c6 8. 0-0 g5 9. Bg3 Qb6 10. Qc2 c5 11. Nbd2 Nc6 12. dxc5 Qxc5 13. a3 e5 14. Ne4 Nxe4 15. Qxe4 f5 16. Qd5 f4 17. exf4 exf4 18. Bh2 0-0-0 19. Rac1 Kb8 20. Rfd1 Qxd5 21. Rxd5 Be6 22. Rd2 Na5 23. Nd4 Bd7 24. b4 Nc6 25. Nb5 Be6 26. Rcd1 Ne5 27. Nxd6 Bxd6 28. Rxd6 Rxd6 29. Rxd6 Bxc4 30. Bxc4 Nxc4 31. Rd3 Re8 32. g3 Ne5 33. Rc3 Nc6 34. Kf1 Rf8 35. gxf4 1/2-1/2

[Event "Mecklenburg VP LL2 Ost 1011"]
[Site "Mecklenburg VP"]
[Date "2011.03.20"]
[Round "8.4"]
[White "Zibell, Walter"]
[Black "Nickel, Reimo"]
[Result "1/2-1/2"]
[WhiteElo "1766"]
[BlackElo "1759"]
[PlyCount "50"]
[EventDate "2010.10.10"]
[EventType "team-tourn"]
[EventRounds "9"]
[EventCountry "GER"]
[SourceTitle "EXT 2022"]
[Source "ChessBase"]
[SourceDate "2021.10.06"]
[SourceVersion "1"]
[SourceVersionDate "2021.10.06"]
[SourceQuality "1"]
[WhiteTeam "Neubrandenburg SG Eintracht II"]
[BlackTeam "Waterkant Saal SV"]
[WhiteTeamCountry "GER"]
[BlackTeamCountry "GER"]

1. d4 d5 2. c4 c6 3. Nc3 Nf6 4. Nf3 Bf5 5. e3 e6 6. Qb3 b6 7. cxd5 Nxd5 8. e4 Nxc3 9. exf5 Nd5 10. fxe6 Qe7 11. Be2 Qxe6 12. 0-0 Bd6 13. Bd3 0-0 14. Bxh7+ Kh8 15. Re1 Qd7 16. Bc2 Re8 17. Bg5 Nb4 18. Rxe8+ Qxe8 19. Re1 Qd7 20. Bb1 Nd5 21. Qd3 g6 22. Re4 Kg7 23. Qd2 Na6 24. Bh6+ Kg8 25. Rh4 Qe8 1/2-1/2

[Event "Mecklenburg VP LL2 Ost 0910"]
[Site "Mecklenburg VP"]
[Date "2010.03.28"]
[Round "6.5"]
[White "Pererva, Viktor"]
[Black "Nickel, Reimo"]
[Result "1/2-1/2"]
[WhiteElo "1637"]
[BlackElo "1762"]
[PlyCount "100"]
[EventDate "2009.10.18"]
[EventType "team-tourn"]
[EventRounds "9"]
[EventCountry "GER"]
[SourceTitle "EXT 2016"]
[Source "ChessBase"]
[SourceDate "2015.10.08"]
[SourceVersion "1"]
[SourceVersionDate "2015.10.08"]
[SourceQuality "1"]
[WhiteTeam "Saal Waterkant"]
[BlackTeam "Rostock SSC 07 III"]
[WhiteTeamCountry "GER"]
[BlackTeamCountry "GER"]

1. e4 e5 2. Nf3 Nc6 3. Bb5 a6 4. Ba4 Nf6 5. 0-0 b5 6. Bb3 Bd6 7. Re1 0-0 8. d4 h6 9. Nbd2 Re8 10. d5 Na5 11. c4 Bc5 12. Qe2 Nxc4 13. Nxc4 bxc4 14. Bxc4 Ng4 15. Rf1 d6 16. h3 Nf6 17. Bd3 Bb7 18. b4 Bb6 19. b5 Qc8 20. Be3 Bxe3 21. Qxe3 axb5 22. Bxb5 Re7 23. Rfc1 Ra5 24. a4 Qa8 25. Nd2 Ra7 26. f3 Ba6 27. Qd3 Bxb5 28. Qxb5 Nd7 29. Nb3 Rb7 30. Qd3 Re8 31. a5 Reb8 32. Rc3 Qa7+ 33. Kh1 Rb5 34. Qc2 Nc5 35. Nxc5 dxc5 36. Kh2 Rb2 37. Qa4 c4 38. Qxc4 Qf2 39. Qf1 Qd4 40. Rac1 Rf2 41. Qd3 Rbb2 42. Qxd4 Rxg2+ 43. Kh1 exd4 44. Rd3 Rh2+ 45. Kg1 Rbg2+ 46. Kf1 Ra2 47. Kg1 Rxh3 48. Rxc7 Rg3+ 49. Kf1 Rh3 50. Kg1 Rg3+ 1/2-1/2

[Event "Mecklenburg VP LL2 Ost 0910"]
[Site "Mecklenburg VP"]
[Date "2009.12.13"]
[Round "4.5"]
[White "Pfueller, Volker"]
[Black "Nickel, Reimo"]
[Result "1-0"]
[WhiteElo "1584"]
[BlackElo "1762"]
[PlyCount "109"]
[EventDate "2009.10.18"]
[EventType "team-tourn"]
[EventRounds "9"]
[EventCountry "GER"]
[SourceTitle "EXT 2016"]
[Source "ChessBase"]
[SourceDate "2015.10.08"]
[SourceVersion "1"]
[SourceVersionDate "2015.10.08"]
[SourceQuality "1"]
[WhiteTeam "Pasewalk"]
[BlackTeam "Saal Waterkant"]
[WhiteTeamCountry "GER"]
[BlackTeamCountry "GER"]

1. b4 e5 2. Bb2 d6 3. e3 Nf6 4. Nf3 Bg4 5. Be2 Nbd7 6. 0-0 Be7 7. c4 0-0 8. d3 h6 9. Nbd2 c6 10. h3 Bh5 11. Nh2 Bg6 12. a4 Rc8 13. Rc1 Qb6 14. Qb3 a6 15. Ba3 d5 16. a5 Qc7 17. c5 Qb8 18. Bb2 e4 19. f4 exd3 20. Bxd3 Ne4 21. Nxe4 dxe4 22. Be2 Bf6 23. Ba3 Rcd8 24. Rcd1 Qc7 25. Rd6 Bf5 26. Bg4 Bxg4 27. Nxg4 Kh7 28. Rfd1 Be7 29. R6d4 Nb8 30. Bb2 Rxd4 31. Rxd4 f5 32. Ne5 Bf6 33. Rd1 Re8 34. Nc4 Qf7 35. Bxf6 gxf6 36. Qc2 Rg8 37. Nd6 Qh5 38. Kh1 Rd8 39. Kh2 Rg8 40. Rd4 Rg7 41. Qd1 Qg6 42. g4 fxg4 43. Qxg4 Qxg4 44. hxg4 Kg6 45. Nf5 Rd7 46. Rxe4 h5 47. Nd6 hxg4 48. Re8 Rh7+ 49. Kg3 Nd7 50. Kxg4 f5+ 51. Kg3 Kf6 52. Nxb7 Rg7+ 53. Kf3 Rg1 54. Nd8 Nb8 55. Re6+ 1-0